000 00539nam a2200193Ia 4500
005 20251020182611.0
008 200515s9999 xx 000 0 und d
082 _aSC/628/B57
100 _aBLANES, Octavio
245 0 _aManual de fontanería : Herramientas
260 _aBarcelona
260 _c1978
300 _a189
520 _aRecopila todas las herramientas necesarias para una aplicación en el campo de la fontanería
650 _aHERRAMIENTAS
650 _aINSTALACIONES SANITARIAS
650 _aMANUALES
942 _cLIB
999 _c3331
_d3331